Estética del cine / (Record no. 71751)

MARC details
000 -LEADER
campo de control de longitud fija 00710nam a2200229 i 4500
001 - NÚMERO DE CONTROL
campo de control 71751
003 - IDENTIFICADOR DE NÚMERO DE CONTROL
campo de control ES-MaACL
005 - FECHA Y HORA DE LA ÚLTIMA TRANSACCIÓN
campo de control 20250824211722.0
007 - CAMPO FIJO DE DESCRIPCIÓN FÍSICA--INFORMACIÓN GENERAL
campo de control de longitud fija t|
008 - DATOS DE LONGITUD FIJA--INFORMACIÓN GENERAL
campo de control de longitud fija 040818s1959 sp ||||1| spa d
100 1# - ENTRADA PRINCIPAL--NOMBRE DE PERSONA
Nombre de persona Ghelli, Nino.
9 (RLIN) 56556
245 10 - MENCIÓN DEL TÍTULO
Título Estética del cine /
Mención de responsabilidad, etc. Nino Ghelli ; [traducción de Adolfo Isoardi y Antonio Ducay].
260 ## - PUBLICACIÓN, DISTRIBUCIÓN, ETC.
Lugar de publicación, distribución, etc. Madrid :
Nombre del editor, distribuidor, etc. Rialp,
Fecha de publicación, distribución, etc. 1959.
300 ## - DESCRIPCIÓN FÍSICA
Extensión 285 p. ;
Dimensiones 19 cm.
490 1# - MENCIÓN DE SERIE
Mención de serie Libros de cine Rialp ;
Designación de volumen o secuencia 16
650 #7 - PUNTO DE ACCESO ADICIONAL DE MATERIA--TÉRMINO DE MATERIA
Término de materia o nombre geográfico como elemento de entrada Estética cinematográfica
Fuente del encabezamiento o término embne
9 (RLIN) 12542
700 1# - ENTRADA AGREGADA--NOMBRE PERSONAL
Nombre de persona Isoardi, Adolfo.
9 (RLIN) 65583
700 1# - ENTRADA AGREGADA--NOMBRE PERSONAL
Nombre de persona Ducay, Antonio.
9 (RLIN) 45807
830 10 - PUNTO DE ACCESO ADICIONAL DE SERIE-TÍTULO UNIFORME
Título uniforme Libros de cine Rialp
Designación de volumen o secuencia 16
9 (RLIN) 181163
852 ## - LOCALIZACIÓN
Ubicación ES-MaACL
Número de control de estantería C-17672
Holdings
Estatus retirado Estado de pérdida Estado de daño No para préstamo Biblioteca de origen Biblioteca actual Ubicación en estantería Fecha de adquisición Fuente de adquisición Total de préstamos Signatura topográfica completa Código de barras Visto por última vez Precio de reemplazo Tipo de ítem Koha
        Biblioteca del Ateneo de Madrid Biblioteca del Ateneo de Madrid Galería 17/01/2008     C-17672 1075117 23/02/2023 23/02/2023 Libro impreso